000
00224nam a2200097Ia 4500
008
190216s9999||||xx |||||||||||||| ||und||
100
_a
Paish F W
245
0
_a
Benhamis Economics
260
_b
Sir Isac Pitman &sons
942
_c
BK
999
_c
9078
_d
9078